| 000 | 00549nam a2200145 4500 | ||
|---|---|---|---|
| 001 | 15829 | ||
| 005 | 20201125173332.0 | ||
| 007 | tu | ||
| 008 | 100803s1942||||||| ger | ||
| 245 | 0 | 0 | _aSchriftwechsel des Städtischen Bibliotheksrats Dr. Schriewer die Biografie des Friedrich Löffler, Entdecker des Diphtherie-Erregers, betreffend |
| 264 | _c[1942] | ||
| 365 | _c€ | ||
| 500 | _aAnfragen und Antworten zu Geburt und Wohnsitz Friedrich Löfflers; handschriftlicher Lebenslauf von Löffler, geschrieben von Schriewer | ||
| 546 | _adeutsch | ||
| 999 |
_c76253 _d76253 |
||